000 00915cam a22002897a 4500
003 CHAP
005 20220817041345.0
008 971013s1993 r 00010 d
010 _a12114
011 _a13086
035 _a17157
040 _cCHAP
082 _a378.1
_bB6
100 0 0 _aBorrero Cabal, Alfonso.
_913944
245 1 4 _aThe university as an institution today
_b: topics for reflection
260 _aOttawa :
_bInternational Development Research Centre,
_c1993
300 _a238 p.
590 _aBATCH-UPD
_b10
_c20130110
_lUCH01
_h1618
590 _aBATCH-UPD
_b10
_c20130410
_lUCH01
_h1013
590 _aBATCH-UPD
_b10
_c20130914
_lUCH01
_h0701
590 _aCONVERSION
_b10
_c20130109
_lUCH01
_h1308
650 1 4 _aEducación superior.
650 1 4 _aUniversidades
_xAdministración.
_9116596
901 _aBK
942 _cLIBRO
949 _a378.1 B6
_bBC
_cLIBRO
_d33724000430484
_eLIBRO
_h86949
_i17157
_si
999 _c12114
_d12114